Plural: português B, 12º ano ensino secundário

Gespeichert in:
Bibliographische Detailangaben
1. Verfasser: Baptista, Vera Saraiva
Weitere Verfasser: Gomes, Assunção Sobral Pinto, Elisa Costa
Format: keine Angabe
Sprache:Portugiesisch
Erschienen: Lisboa Lisboa Editora 1999
Ausgabe:1ª ed.
Katalog:MANES:  Suchergebnis im Bibliothekskatalog
Schulbuchspezifische Eigenschaften:
Tags: Tag hinzufügen
Keine Tags, Fügen Sie den ersten Tag hinzu!
Hinzugefügt zu:26.04.2016
Geändert in:25.04.2025

MARC

LEADER 000000000a22000000004500
001 31793
003 OSt
005 20250425111609.0
008 160427s pt ||||| |||| 00| 0 por d
040 |c centro_manes 
041 1 |a por 
100 1 |a Baptista, Vera Saraiva  |9 16490 
245 0 0 |a Plural: português B, 12º ano ensino secundário 
250 |a 1ª ed. 
260 3 |a Lisboa  |b Lisboa Editora  |c 1999 
300 |a 303, XV p.;  |c 27 cm 
561 |5 pt-BNP  |a Portugal. Biblioteca Nacional de Portugal  |k MANES 
690 |a LEN 
691 |a SE 
700 1 |a Gomes, Assunção Sobral  |9 16504  |a Pinto, Elisa Costa  |9 16491 
942 |2 ddc  |c BK 
546 |a Portugal 
999 |c 33255  |d 33255 
999 |c manes:33255  |d 33255